000 00721nam a2200241Ia 4500
001 30534556
003 OCoLC
005 20170616154447.0
008 940602s1993 nyua j 000 1 spa d
020 _a0590268430
020 _a9780590291736 (pbk.)
020 _a0590291734 (pbk.) (NASTA)
040 _aCS1
_cCS1
041 _aspa
100 1 _aNieto, Angel.
245 1 3 _aEl machinchar :
_bdilogo en dos voces /
_cpor Angel Nieto ; ilustrado por Stephanie O'Shaughnessy.
260 _aNew York :
_bScholastic,
_cc1993.
300 _a23 p. :
_bcol. ill. ;
_c20 x 23 cm.
650 0 _aFathers and daughters
_vFiction.
650 0 _aColor in clothing
_vFiction.
700 1 _aO'Shaughnessy, Stephanie.
942 _cBK
999 _c17681
_d17681